Informar sobre innovación /

Tras plantear la relevancia económica de la innovación para promover y sostener la competitividad de la empresa, se ofrecen indicadores para evaluarla, se analizan casos de innovación en industrias y servicios diversos y se enfatiza la importancia de informar al gran público sobre el asunto.

Guardado en:
Detalles Bibliográficos
Otros autores: Fernández, Amancio (presentación) (presentación), Izquierdo, María José (prólogo) (prólogo)
Formato: Libro
Idioma:Español
Publicado: Madrid, España : Fundación Cotec para la Innovación Tecnológica : Asociación de Periodistas de Información Económica, 1999, c1999
Colección:(Innovación Práctica ; 2)
Temas:
Etiquetas: Agrega una etiqueta
Sin etiquetas, Sé el primero en etiquetar este registro!

MARC

LEADER 00000nam^a2200000^a^4500
001 000139911
005 20250521000000.0
009 20260310095522.233
020 |a 84-95336-05-7 
037 |a Acervo ITESO - Biblioteca 
041 |a ESP 
082 |a 658. 406  |b INN V. 2 
245 0 0 |a Informar sobre innovación /  |c Presen. de A. Fernández ; pról. de M.J. Izquierdo. 
264 4 |a Madrid, España :  |b Fundación Cotec para la Innovación Tecnológica :  |b Asociación de Periodistas de Información Económica,  |c 1999, c1999 
300 |a 316 p. 
336 |a texto  |b txt  |2 rdacontenido 
337 |a sin mediación  |b n  |2 rdamedio 
338 |a volumen  |b nc  |2 rdasoporte 
440 1 |a (Innovación Práctica ;  |v 2) 
520 |a Tras plantear la relevancia económica de la innovación para promover y sostener la competitividad de la empresa, se ofrecen indicadores para evaluarla, se analizan casos de innovación en industrias y servicios diversos y se enfatiza la importancia de informar al gran público sobre el asunto. 
649 |a XX 
650 |a Empresas -  |x Administración 
650 |a Industria -  |x Administración 
650 |a Tecnología -  |x Aspectos Económicos 
650 |a Tecnología -  |x Administración 
650 |a Competitividad 
650 |a Cambio Organizacional 
650 |a Desarrollo Tecnológico 
650 |a Desarrollo Económico-Social 
650 |a Desarrollo Organizacional 
650 |a Economía 
650 |a Ciencias Administrativas 
700 |a Fernández, Amancio  |e (presentación) 
700 |a Izquierdo, María José  |e (prólogo) 
910 |a Fondo General 
920 |a Impresos - Libros 
930 |a Colección General 
905 |a 101 
901 |a 0500068297  |b IT1  |c ACC  |u 20250521 
902 |a https://opac.biblio.iteso.mx/vufind/Record/000139911